|
|
|
|
| LEADER |
00000nam a2200000 a 4500 |
| 001 |
vtls010273607 |
| 003 |
SK-MaSNL |
| 005 |
20260302011729.0 |
| 007 |
co bg muuua |
| 008 |
240313s2010 xo dol fs 000 0 slo |
| 015 |
|
|
|a SNBS2013
|
| 020 |
|
|
|a 9788055502960
|q (elektronická kniha)
|
| 040 |
|
|
|a SNK
|b slo
|c SNK
|e AACR2
|
| 041 |
0 |
|
|a slo
|
| 044 |
|
|
|a xo
|c SK
|
| 072 |
|
7 |
|a 81
|x Lingvistika. Jazyky
|2 konspekt
|
| 080 |
|
|
|a 81'342.9
|2 2001
|
| 080 |
|
|
|a 81'34
|2 2001
|
| 080 |
|
|
|a (0.034.44)
|2 2001
|
| 080 |
|
|
|a (048.8)
|2 2001
|
| 100 |
1 |
|
|a Bilá, Magdaléna
|4 aut
|9 309889
|
| 245 |
1 |
0 |
|a Intonačná štruktúra vety
|h elektronický zdroj
|b porovnávací aspekt
|c Magdaléna Bílá, Anna Džambová
|
| 260 |
|
|
|a Prešov
|b Prešovská univerzita
|c 2010
|
| 300 |
|
|
|a 1 elektronický optický disk (CD-ROM)
|b fotogr., grafy, tab.
|c 12 cm
|
| 500 |
|
|
|a Názov z titulnej obrazovky
|
| 504 |
|
|
|a Bibliogr. odkazy
|
| 516 |
|
|
|a Textový dokument (monografia), 2 súbory vo formáte html, súbory vo formáte pdf
|
| 536 |
|
|
|a Súčasť projektu VEGA 1/0475/08 Komparatívna analýza vybraných suprasegmentálnych javov (dôrazu, pauzy a melódie) a ich syntaktické stvárnenie v angličtine, v nemčine a v slovenčine v sémanticky identických jednotkách hovorového štýlu
|
| 538 |
|
|
|a Technické požiadavky: internetový prehliadač, PDF prehliadač
|
| 650 |
0 |
7 |
|a fonetika
|2 SNKPH
|9 863
|
| 650 |
0 |
7 |
|a intonácia (fonetika)
|2 SNKPH
|9 73197
|
| 650 |
0 |
7 |
|a pauza
|2 SNKPH
|9 652597
|
| 650 |
0 |
7 |
|a experimentálny výskum
|2 SNKPH
|9 71790
|
| 650 |
0 |
7 |
|a Phonetics
|2 SNKPHeng
|9 310418
|
| 650 |
0 |
7 |
|a Intonation (phonetics)
|2 SNKPHeng
|9 534895
|
| 650 |
0 |
7 |
|a Pause
|2 SNKPHeng
|9 652598
|
| 650 |
0 |
7 |
|a Experimental research
|2 SNKPHeng
|9 332302
|
| 655 |
|
7 |
|a elektronické zdroje
|2 SNKPH
|9 90954
|
| 655 |
|
7 |
|a CD-ROM
|2 SNKPH
|9 70236
|
| 655 |
|
7 |
|a monografie
|2 SNKPH
|9 70139
|
| 655 |
|
7 |
|a Electronic resources
|2 SNKPHeng
|9 175546
|
| 655 |
|
7 |
|a Monographs
|2 SNKPHeng
|9 120675
|
| 700 |
1 |
|
|a Džambová, Anna,
|d 1955-
|4 aut
|9 202962
|
| 856 |
4 |
1 |
|u http://www.pulib.sk/elpub2/FF/Bila1/index.html
|
| 919 |
|
|
|a 978-80-555-0296-0
|
| 958 |
|
|
|a NB
|
| 958 |
|
|
|a LX
|
| 999 |
|
|
|c 1007188
|d 1009118
|
| 952 |
|
|
|a SNK
|b SNK
|y PREZ
|7 0
|p 17A0701356
|o snkSCDM 3764
|i snk2011/9342
|8 0
|0 0
|1 0
|4 0
|d 2011-04-26
|l 0
|r 2026-02-24 12:40:03
|w 2026-02-24
|